000
00331nam a22001457a 4500
008
190129b xxu||||| |||| 00| 0 eng d
020
_a
9780801666636
041
_a
eng
080
_a
618
082
_2
5 th
_a
618
100
_a
10
101
_a
GJI
245
_a
Maternity & Gynecologic care
_c
Bobak M. Irene
942
_2
udc
_c
BK
999
_c
53873
_d
53873